Fr. Conceicao Rodrigues College of Engineering

Theory and problems of electromagnetics (Record no. 33669)

MARC details
000 -LEADER
fixed length control field 00322nam a2200145Ia 4500
082 ## - DEWEY DECIMAL CLASSIFICATION NUMBER
Classification number 537.02
Item number EDM
100 ## - MAIN ENTRY--PERSONAL NAME
Personal name Edminister/J.A
250 ## - EDITION STATEMENT
Edition statement 2
245 ## - TITLE STATEMENT
Title Theory and problems of electromagnetics
260 ## - PUBLICATION, DISTRIBUTION, ETC.
Name of publisher, distributor, etc. McGraw Hill
Place of publication, distribution, etc. New york
Date of publication, distribution, etc. 1993
300 ## - PHYSICAL DESCRIPTION
Extent 322
546 ## - LANGUAGE NOTE
Language note ENGLISH
654 ## - SUBJECT ADDED ENTRY--FACETED TOPICAL TERMS
Focus term problems
942 ## - ADDED ENTRY ELEMENTS (KOHA)
Koha item type BOOK
Holdings
Withdrawn status Lost status Damaged status Not for loan Collection Home library Current library Date acquired Total Checkouts Full call number Barcode Date last seen Price effective from Koha item type
        CRC Fr. Agnel's C.Rodrigues College of Engineering AGNEL TECHNICAL COLLEGE LIBRARY 17/03/2023   537.02 EDM 10453 30/03/2026 17/03/2023 BOOK